| 000 -LEADER |
| fixed length control field |
00596nam a22001937a 4500 |
| 005 - DATE AND TIME OF LATEST TRANSACTION |
| control field |
20251125110408.0 |
| 008 - FIXED-LENGTH DATA ELEMENTS--GENERAL INFORMATION |
| fixed length control field |
251125b ||||| |||| 00| 0 eng d |
| 020 ## - INTERNATIONAL STANDARD BOOK NUMBER |
| International Standard Book Number |
9781684124787 |
| 040 ## - CATALOGING SOURCE |
| Transcribing agency |
KH8 |
| 082 ## - DEWEY DECIMAL CLASSIFICATION NUMBER |
| Classification number |
591.734 OAC |
| 100 ## - MAIN ENTRY--PERSONAL NAME |
| Personal name |
OACHS,EMILY ROSE |
| Relator term |
AUTHOR |
| 245 ## - TITLE STATEMENT |
| Title |
Rainforest Animals |
| 260 ## - PUBLICATION, DISTRIBUTION, ETC. |
| Place of publication, distribution, etc. |
10350 Barnes Canyon Road,Suite 100,San Diego CA 92121 |
| Name of publisher, distributor, etc. |
Silver Dolphin Books |
| Date of publication, distribution, etc. |
©2018 |
| 300 ## - PHYSICAL DESCRIPTION |
| Extent |
32 pages |
| Other physical details |
colour illustration |
| Dimensions |
15cm x 23cm |
| 650 ## - SUBJECT ADDED ENTRY--TOPICAL TERM |
| Source of heading or term |
Rainforest |
| Topical term or geographic name entry element |
Juvenile Literature |
| 650 ## - SUBJECT ADDED ENTRY--TOPICAL TERM |
| Source of heading or term |
Animals |
| Topical term or geographic name entry element |
Juvenile Literature |
| 655 ## - INDEX TERM--GENRE/FORM |
| Genre/form data or focus term |
Non Fiction |
| 942 ## - ADDED ENTRY ELEMENTS (KOHA) |
| Source of classification or shelving scheme |
|
| Koha item type |
Books - Non Ficton |